[Event "29ème Open International d'Echecs d'Avoi"]
[Site "Avoine"]
[Date "2014.07.19"]
[Round "3.45"]
[White "Dutreuil, Raphael"]
[Black "Deveque, Guillaume"]
[Result "1-0"]
[WhiteElo "2118"]
[BlackElo "1891"]
[PlyCount "83"]
[EventDate "2014.??.??"]

1. d4 e6 2. c4 Bb4+ 3. Nd2 Nf6 4. Ngf3 O-O 5. e3 b6 6. Bd3 Bb7 7. O-O d5 8.
cxd5 exd5 9. Ne5 Re8 10. Ndf3 c5 11. a3 Ba5 12. Ng5 Re7 13. Qc2 h6 14. Bh7+ Kf8
15. Nexf7 Qc7 16. Ne5 hxg5 17. Ng6+ Ke8 18. Nxe7 Kxe7 19. b4 Nxh7 20. Qxh7 cxb4
21. Qxg7+ Kd8 22. Qf8+ Kd7 23. axb4 Bxb4 24. Qxb4 Nc6 25. Qb5 Rh8 26. Qxd5+ Kc8
27. Qf5+ Kb8 28. f4 Ka8 29. d5 Nb4 30. Bb2 Rg8 31. Rfc1 Qe7 32. Qe6 Qxe6 33.
dxe6 gxf4 34. e7 fxe3 35. g3 e2 36. Re1 Bf3 37. Ra3 Bh5 38. Re3 Nc2 39. R1xe2
Nxe3 40. Rxe3 Kb7 41. Re5 Bg6 42. Rg5 1-0